000 00313nam a2200109Ia 4500
005 20251222152643.0
008 251222s9999||||xx |||||||||||||| ||spa||
082 _a398.209.85/E93
100 _aEstrada Pérez, Nohemí
245 0 _aHistorias Mágicas Leyendas del Perú Adaptadas para Niños y Niñas
942 _cLIB
999 _c28165
_d28165